Business administration for secretarial certificates / (Record no. 6279)

MARC details
000 -LEADER
fixed length control field 00880nam a2200169 4500
020 ## - INTERNATIONAL STANDARD BOOK NUMBER
ISBN 0435455559
050 ## - CALL NUMBER
Classification number HD31
Item number .Su8
100 ## - AUTHOR
Personal name Sutherland, Jon
245 ## - TITLE
Title Business administration for secretarial certificates /
Statement of responsibility, etc Jon Sutherland &Diane Canwell
260 ## - PUBLICATION INFORMATION
Place of publication Heinemann,
Name of publisher Oxford :
Year of publication 1997.
300 ## - DESCRIPTION
Number of Pages ix, 259 pages :
Other physical details illustrations ;
Dimensions 27 cm.
500 ## - NOTES
General note Includes index
505 ## - FORMATTED CONTENTS NOTE
Table of Content 1. Introduction<br/>Chapter 1. Business organisations in the private sector<br/>Chapter 2. Business organisations in the public sector<br/>Chapter 3. Business structures<br/>Chapter 4. Work patterns<br/>Chapter 5. Business functions<br/>Chapter 6. Employer and rights and responsabilities<br/>Chapter 7. The working environment<br/>Chapter 8. Administration functions and procedures<br/>Chapter 9. Processing information
650 ## - SUBJECTS
Topical Term Office practice
700 ## - OTHER AUTHORS
Personal name Canwell, Diane
942 ## - ADDED ENTRY ELEMENTS (KOHA)
Koha item type Books
Holdings
Withdrawn status Lost status Collection code Home library Current library Shelving location Date acquired Full call number Koha item type
    Reference Methodist University Library Main Methodist University Library Main General Stacks 19/12/1999 HD31.Su8 Books
Copyright © 2026  MUG Library